000 00768nam a2200229Ii 4500
003 JO-AjNU
008 230605s9999||||xx |||||||||||||| ||und||
017 _a1991/5544
020 _a977-00-1778-7
040 _aJO-AjNU
_bara
_erda
_cJO-AjNU
041 _aara
050 1 4 _aPJ7571 1991
100 3 _aمصطفى،أحمد أمين,
_eauthor
_933878
245 0 0 _aفن المقامة بين البديع والحريري والسيوطي
250 _aط1
264 3 1 _aالقاهرة:المؤلف،1991
300 _a320ص
336 _atext
_btxt
_2rdacontent
337 _aunmediated
_bn
_2rdamedia
338 _avolume
_bnc
_2rdacarrier
650 4 _a المقامات العربية-تاريخ ونقد-البديع والحريري والسيوطي
_933879
999 _aA13833
_c17401
_d17401